00523nam a22001697a 4500008004100000020001800041050002200059100002300081245007100104250001200175260003200187300003300219521005100252650002700303700001100330700001200341231012b |||||||| |||| 00| 0 eng d a9780367404604 aLB 2805 .T44 2021 a Theoharis, George a Leadership for increasingly diverse schools :c George, Theoharis a2nd ed. aNewyork:bRoutledge,c2021. axxiii, 326p. :bill. ;c18cm aincludes bibliographical references and index. aEducational readership aMartin aScanlan